Meisterwerke der Plastik Bayerns (Record no. 3688)

MARC details
000 -CABECERA
campo de control de longitud fija 00941nam a2200253 a 4500
001 - NÚMERO DE CONTROL
campo de control BRCA_3961
005 - FECHA Y HORA DE LA ÚLTIMA TRANSACCIÓN
campo de control 20190320204507.0
008 - DATOS DE LONGITUD FIJA--INFORMACIÓN GENERAL
campo de control de longitud fija 140110s1914----gw-#######---#000-0#ger-#
041 ## - CÓDIGO DE LENGUA
Código de lengua del texto/banda sonora o título independiente ger
044 ## - CÓDIGO DEL PAÍS DE LA ENTIDAD EDITORA/PRODUCTORA
Código MARC del país gw
050 #4 - SIGNATURA TOPOGRÁFICA DE LA BIBLIOTECA DEL CONGRESO
Número de clasificación NB561
Número de documento/Ítem .B87 1914
100 1# - ENTRADA PRINCIPAL--NOMBRE DE PERSONA
Nombre de persona Burger, Fritz
Fechas asociadas al nombre 1877-1916
9 (RLIN) 10303
245 10 - MENCIÓN DE TÍTULO
Título Meisterwerke der Plastik Bayerns
Mención de responsabilidad, etc. Fritz Burger & Adolf Feulner.
260 ## - PUBLICACIÓN, DISTRIBUCIÓN, ETC.
Lugar de publicación, distribución, etc. Munich
Nombre del editor, distribuidor, etc. Riehn & Reuseh Buch-und Kunstverla
Fecha de publicación, distribución, etc. 1914
300 ## - DESCRIPCIÓN FÍSICA
Extensión 3 t. en 1 v.
Otras características físicas il., 24 láminas
Dimensiones 47 cm.
500 ## - NOTA GENERAL
Nota general Estado físico: primeras páginas desprendidas
500 ## - NOTA GENERAL
Nota general CDE27
501 ## - NOTA DE "CON"
Nota de “Con” Con: t.1. Der Meister der skulpturen von Blutenburg und Seine Schule von Fritz Burger. -- t.2. Erasmus Grasser von Adolf Feulmer. -- t.3. Hans Leibergers Moosburger Altar von Adolf Feulmer
650 14 - PUNTO DE ACCESO ADICIONAL DE MATERIA--TÉRMINO DE MATERIA
Término de materia o nombre geográfico como elemento de entrada Escultura alemana
9 (RLIN) 10304
650 14 - PUNTO DE ACCESO ADICIONAL DE MATERIA--TÉRMINO DE MATERIA
Término de materia o nombre geográfico como elemento de entrada Escultores alemanes
9 (RLIN) 10305
700 1# - PUNTO DE ACCESO ADICIONAL--NOMBRE DE PERSONA
Nombre de persona Feulner, Adolf
Término indicativo de función/relación Coautor
9 (RLIN) 10306
902 ## - CATALOGADOR
Iniciales GFM
942 ## - ELEMENTOS DE PUNTO DE ACCESO ADICIONAL (KOHA)
Fuente del sistema de clasificación o colocación Library of Congress Classification
Tipo de ítem Koha Libros
Holdings
Estado de retiro Estado de pérdida Estado dañado No para préstamo Localización permanente Ubicación/localización actual Fecha de adquisición Número de inventario Total de préstamos Signatura topográfica completa Código de barras Fecha visto por última vez Precio válido a partir de Tipo de ítem Koha
El ejemplar forma parte de la colección y puede ser consultado según las políticas vigentes.       Biblioteca del Museo Franz Mayer (Rogerio Casas-Alatriste) Biblioteca del Museo Franz Mayer (Rogerio Casas-Alatriste) 14/01/2010 CDE27   NB561 .B87 1914 (CDE27) 3958 22/03/2019 22/03/2019 Libros